| 000 | 01942nam2a2200325 4500 | ||
|---|---|---|---|
| 001 | RU\NLR\BIBL_A\016361840 | ||
| 005 | 20250625054556.0 | ||
| 010 |
_a978-5-88018-646-4 _9500 |
||
| 035 | _a(NLR Aleph) 016361840 | ||
| 090 |
_a13154037 _c13154037 |
||
| 100 | _a20230504d2020 |||y0rusy50 ca | ||
| 101 | 0 |
_arus _deng |
|
| 102 | _aRU | ||
| 105 | _aac z 000yy | ||
| 200 | 1 |
_aXVI Международная научная конференция _f[ред.кол.: К.Е. Кузьмина, к.психол.н., доц. (отв.ред.) и др.] |
|
| 210 |
_d2020 _aБ. м. |
||
| 215 |
_a186 с. _cил., портр. _d21 |
||
| 300 | _aРез. на англ. яз. | ||
| 320 | _aБиблиогр. в конце ст. | ||
| 461 | 0 |
_1001RU\NLR\BIBL_A\012872528 _12001#$aСоциально-психологические проблемы ментальности / менталитета$eсборник научных статей$fСмол. гос. ун-т$vВып. 16 _912493755 _cСмоленск _d2020 - _fСмол. гос. ун-т _nИзд-во Смоленского государственного университета _oсборник научных статей _tСоциально-психологические проблемы ментальности / менталитета _vВып. 16 |
|
| 606 | 1 |
_aМенталитет _jСборники _91594524 _3RU\NLR\AUTH\66701161 |
|
| 686 | 1 | _aС550.65я43 | |
| 686 | 1 | _aЮ932.2-953.6я43 | |
| 702 | 1 |
_aКузьмина _bК. Е. _cканд. психол. наук _gКсения Егоровна _9170193 _3RU\NLR\AUTH\770170243 |
|
| 711 | 1 | 2 |
_a"Социально-психологические проблемы ментальности / менталитета", международная научная конференция _d16 _eСмоленск _f2020 _9846902 _3RU\NLR\AUTH\880590634 |
| 852 |
_aNLR _jП22/10222 |
||
| 942 | _cISSUE | ||
| 980 | _aNB | ||
| 980 | _aRUSPER | ||